000 00306nam a2200109Ia 4500
008 220216s9999 xx 000 0 und d
100 _aSekhar B C
245 4 _aThe dawn of Asia as the epicenter of elastomer activity- The imperatives
260 _bRubber Chem Review
_c1996
300 _a19-21
942 _cJS
999 _c70559
_d70559